| 000 | 00721nam a2200181 a 4500 | ||
|---|---|---|---|
| 001 | 000046806 | ||
| 005 | 20201002053131.0 | ||
| 008 | 180328s2015 dr 000 0 spa d | ||
| 040 |
_aDO-SdBNP _bspa _cBNPHU |
||
| 100 | 1 |
_aMartínez Monegro, Marino, _d1954- _974759 |
|
| 245 | 1 | 3 |
_aLa fábrica de ladrillos / _cMarino Martínez Monegro ; prólogo Juan B. Vila. |
| 260 |
_a[Santiago de los Caballeros, República Dominicana.] : _b[s.n.], _c[2015?]. |
||
| 300 |
_axiii, 132 p. ; _c21 cm. |
||
| 500 | _aIncluye datos biográficos del autor en la solapa de la contracubierta | ||
| 590 | _aLa biblioteca posee 3 ejemplar autografiado por el autor | ||
| 590 | _aInventariado, 2018 /LP | ||
| 700 | 1 |
_aVila, Juan B., _epról. _974760 |
|
| 999 |
_c46295 _d46295 |
||